Прошение по ходатайству присяжного поверенного Соколовского и переписка об осушении его имения "Мачино" Лужского уезда Санкт-Пет...

Доступно только в Электронных читальных залах Найти на картеНа карте
RUSMARC
00003802nmc2a22002413x 450
00167529452-cfde-494b-a49e-0a542a70a90b
00520210429001855.0
100##$a20210125l18981902k l0rusy0189 ca
1010#$arus
102##$aRU
105##$ay###
1222#$ad
2001#$aПрошение по ходатайству присяжного поверенного Соколовского и переписка об осушении его имения "Мачино" Лужского уезда Санкт-Петербургской губернии
$j7 ноября 1898 г. - 19 ноября 1902 г.
215##$a19 л.
$d36,5х26 см
251##$cДело
300##$aДело
371##$aДокумент не является опубликованным и широко распространяемым
461#0$100195b78110-e6bc-459a-9283-df3f68fdf83b
$12001
$aДело о школьной сети Вологодского уезда Вологодской губернии Петербургского учебного округа. Составлена в 1908 году. Сведения приурочены к 1906 году
$1251
$cДело
$1852
$j1
462#0$10013a02340e-e572-4ee5-9169-9b29c64f7ce0
$12001
$aОтдел земельных улучшений Министерства земледелия
$1251
$cОпись
$1852
$j2
801#0$aRU
$bРГИА
$c20210125
$gRCR
801#1$aRU
$bГлавНИВЦ
$c20210125
$2rusmarc
801#2$aRU
$bПБ им. Б.Н. Ельцина
$c20210429
$gRCR
$2rusmarc
850##$aРГИА
852##$aРГИА
$eФедеральное казенное учреждение "Российский государственный исторический архив" (РГИА)
$j252
937##$hРГИА
$d12358521
$aASBIBLIO_SCAN
035##$aRusGRCC00019909
856##$uhttp://readingroom.main.prlib.ru/item.aspx?id_node=n163886033&mode=full
Формат отображения